[Event "Extremadura-chT"]
[Site "Spain"]
[Date "2008.02.09"]
[Round "4.1"]
[White "Gonzalez Cano, Juan Jose"]
[Black "Pascual Marquez, Juan Candido"]
[Result "0-1"]
[WhiteElo "1963"]
[BlackElo "1901"]
[PlyCount "142"]
[EventDate "2008.01.19"]
[EventType "team-swiss"]
[EventRounds "9"]
[EventCountry "ESP"]
[SourceTitle "EXT 2011"]
[Source "ChessBase"]
[SourceDate "2010.11.26"]
[SourceVersion "1"]
[SourceVersionDate "2010.11.26"]
[SourceQuality "1"]
[WhiteTeam "Casareno"]
[BlackTeam "Don Benito"]
[WhiteTeamCountry "ESP"]
[BlackTeamCountry "ESP"]

1. e4 d5 2. exd5 Nf6 3. Bb5+ Bd7 4. Bc4 Bg4 5. Be2 Bxe2 6. Qxe2 Qxd5 7. Nf3 Nc6 8. 0-0 e6 9. Nc3 Qf5 10. d3 Bd6 11. h3 Ne5 12. Nd4 Qg6 13. Bf4 Nfd7 14. Ne4 a6 15. Nxd6+ cxd6 16. Nb3 Qf5 17. Bg3 Rc8 18. Rac1 0-0 19. d4 Nc4 20. c3 d5 21. Rb1 Rc6 22. Rfd1 Rfc8 23. Nd2 Qc2 24. Kf1 Nf6 25. Nxc4 Qxe2+ 26. Kxe2 Rxc4 27. f3 b5 28. Kd3 Nd7 29. Rdc1 Kf8 30. Rc2 Ke7 31. Rbc1 Nb6 32. b3 R4c6 33. Be1 Kf6 34. g3 h5 35. f4 Kf5 36. Rg2 b4 37. Bd2 bxc3 38. Rxc3 Rxc3+ 39. Bxc3 Nd7 40. Re2 h4 41. Bd2 hxg3 42. Rg2 Rh8 43. Rxg3 g6 44. Bc1 Nb6 45. Bd2 Nc8 46. Ke2 Nd6 47. Rg5+ Kf6 48. Rg3 Ne4 49. Rd3 Kf5 50. Rf3 Nxd2 51. Kxd2 Ke4 52. Ke2 Kxd4 53. Rd3+ Ke4 54. Rf3 Rc8 55. Re3+ Kxf4 56. Rf3+ Ke5 57. Rxf7 Rc2+ 58. Kd3 Rxa2 59. Rf3 a5 60. Re3+ Kd6 61. Rg3 Rb2 62. Kd4 Rb1 63. Kc3 Rh1 64. Kd3 Kc5 65. Kc2 e5 66. Kc3 e4 67. Rxg6 Rxh3+ 68. Kc2 Kd4 69. Rd6 Rc3+ 70. Kb2 Rc5 71. Rh6 e3 0-1